| 000 | 00821cab a2200241 4500 | ||
|---|---|---|---|
| 001 | X3274 | ||
| 008 | 090401t1996 xxu||||| |||| 00| 0 eng d | ||
| 035 | _a(Sirsi) u29567 | ||
| 041 | _aeng | ||
| 100 | _aDavis, L. | ||
| 245 | _aRICS takes joint approach to recruitment | ||
| 260 | _c1996 | ||
| 350 | _a0 | ||
| 490 |
_aCSM (Chartered Surveyor Monthly) _v5(4) January 1996, 31(1) |
||
| 520 | _aLooks at the importance of recruitment in order to succeed; promoting the joint venture between NB Selection and the RICS to form a recruitment consultancy. | ||
| 650 | _aEMPLOYMENT AGENCIES | ||
| 650 | _aNB SELECTION | ||
| 650 | _aNBS/RICS BUSINESS SERVICES RECRUITMENT CONSULTANCY | ||
| 650 | _aRECRUITMENT | ||
| 690 | _aMANAGEMENT-BUSINESS MANAGEMENT-PROFESSIONAL PRACTICE | ||
| 942 | _n0 | ||
| 948 | _c04/03/1997 | ||
| 999 |
_c19899 _d19899 |
||